[Event "COL-chT Interclubes"]
[White "Castillo, Fabio"]
[Black "Santos, Natalia"]
[Site "Colombia"]
[Round "3.3"]
[Result "1/2-1/2"]
[Date "2012.??.??"]
[WhiteElo "1963"]
[BlackElo "2017"]
[PlyCount "82"]
[EventDate "2012.11.23"]
[EventType "tourn"]
[EventRounds "7"]
[EventCountry "COL"]
[SourceTitle "EXT 2024"]
[Source "ChessBase"]
[SourceDate "2023.10.10"]
[SourceVersion "1"]
[SourceVersionDate "2023.10.10"]
[SourceQuality "1"]

1. e4 e5 2. Nf3 Nc6 3. Bb5 a6 4. Ba4 Nf6 5. 0-0 Be7 6. Re1 b5 7. Bb3 0-0 8. c3 d5 9. d3 Bg4 10. Nbd2 d4 11. h3 dxc3 12. bxc3 Bxf3 13. Nxf3 b4 14. Bb2 Nh5 15. Bd5 Qd6 16. cxb4 Rad8 17. Bxc6 Qxc6 18. Nxe5 Qh6 19. a3 Nf4 20. Re3 Bg5 21. Rg3 Nh5 22. Rg4 Nf6 23. Rg3 Nxe4 24. Rg4 Nf6 25. Rc4 Nd5 26. Qf3 Qe6 27. Rc6 Rd6 28. Rc5 Re8 29. d4 f6 30. Nd3 Qd7 31. Re1 Rxe1+ 32. Nxe1 Nf4 33. Nd3 Ne6 34. Ra5 Nxd4 35. Qa8+ Kf7 36. Nc5 Qe7 37. Ne4 Ne2+ 38. Kf1 Rd1+ 39. Kxe2 Rd2+ 40. Kf3 Rd3+ 41. Ke2 Rd2+ 1/2-1/2